000 00532nam a22001937a 4500
003 KOHA_MİRAKIL
005 20251112134438.0
008 251112b tu ||||| |||| 00| 0 tur d
020 _a9789750735158
040 _aTR-AnABB
_btur
_cTR-AnABB
041 _atur
082 _a828.1354
_bMUN 2020
100 1 _aMunro, Alice,
245 1 0 _aBazı kadınlar /
_cAlıce Munro
260 _aİstanbul :
_bCan Sanat Yayınları,
_c2020
300 _a359 sayfa ;
_c20 cm
650 0 4 _aKanada edebiyatı, roman
942 _2ddc
_cBK
999 _c9361
_d9361
900 _bGizem YORULMAZ